| 000 | 00898nam a22002655a 4500 | ||
|---|---|---|---|
| 005 | 20090623162825.0 | ||
| 008 | 081028s2009 wau 000 0 eng | ||
| 010 | _aENG-94208 | ||
| 020 |
_a9788120337107 _c295.00 |
||
| 035 | _aEN-77741 | ||
| 037 | _bDBAD / PUB | ||
| 040 |
_adpl _bEnglish |
||
| 082 | _a523.7 | ||
| 100 | _aSinghal, R.P. | ||
| 245 |
_aElements of space physics / _cby R.P. Singhal |
||
| 260 |
_aNew Delhi _bPHI Learning _c2009 |
||
| 270 |
_aM-97 Connaught Circus _bNew Delhi _e110001 |
||
| 300 |
_axiii, 313p. _c25cm(pbk) |
||
| 500 | _aIncludes references and index | ||
| 650 | _aSun | ||
| 650 | _aPlanets | ||
| 650 | _aSpace plasmas | ||
| 942 |
_2ddc _cEN _mSIN _h523.7 |
||
| 999 |
_c27822 _d27822 |
||